=LDR 00000nam 2200000 4500 =001 INLIS000000000027578 =005 20130612125936 =008 ***********************************Ind** =035 ##$$a0010-061300000027578 =041 ##$$a Ind =082 ##$$a 613.0423 =090 ##$$a 613.0423, Wid c =100 ##$$a Widjaja,Mc =245 ##$$a Cara tepat untuk perkembangan otak dan kesehatan balita, Mc Widjaja;Penyunting,Mulyana =260 ##$$a 2002 $b Jakarta =300 ##$$a vi,65 hlm, ilus, 18 cm =650 ##$$a Gizi balita-Kesehatan =700 ##$$a Mulyana =850 ##$$a NBPNMAT =990 ##$$a 21400613/BPAP-NTB/20142014